Statistiques concernant Pays les plus proches de Singapour - une minute sprint

Cliquez ici pour prendre le quiz!

Statistiques générales

  • Ce quiz a été pris 139 fois
  • Le résultat moyen est 15 sur 20

Statistiques - réponses

kmpays% Correct
6Indonésie
100%
1Malaisie
96%
1240Inde
93%
1406Laos
93%
1961Chine
92%
797Viêt Nam
91%
998Cambodge
90%
524Thaïlande
89%
1109Birmanie
81%
1598Philippines
79%
1165Brunei
70%
2514Timor-Leste
69%
2472Bangladesh
67%
3269Japon
66%
2494Sri Lanka
65%
2908Taïwan
65%
3243Népal
64%
3090Bhoutan
59%
2803Australie
55%
3346Maldives
40%

Distribution des résultats

Percentile par nombre de réponses

% des personnes avec chaque résultat

Votre développement - résultats

Vous n’avez pas pris ce quiz